|
|
|
|
| LEADER |
00909cam a2200217 7i4500 |
| 001 |
0000019261 |
| 005 |
20070521090000.0 |
| 090 |
0 |
0 |
|a BAHS 338.7025
|b BAH
|
| 245 |
0 |
0 |
|a Bahrain :
|b business directory 2007.
|
| 260 |
0 |
0 |
|a [S.l]:
|b [s.n],
|c 2007.
|
| 300 |
# |
# |
|a [v.p].
|
| 650 |
0 |
0 |
|a Business --
|x Directories --
|z Bahrain
|
| 651 |
0 |
0 |
|a Bahrain
|
| 999 |
|
|
|a 0000020077
|b Directories
|c Countries
|e Business Information Centre
|
| 999 |
|
|
|a 0000020116
|b Directories
|c Countries
|e Business Information Centre
|
| 999 |
|
|
|a PNG000679H
|b Directories
|c Countries
|e MATRADE Northern Regional Office
|
| 999 |
|
|
|a PNG000680H
|b Directories
|c Countries
|e MATRADE Northern Regional Office
|
| 999 |
|
|
|a SBH000657H
|b Directories
|c Countries
|e MATRADE Sabah
|
| 999 |
|
|
|a SBH000658H
|b Directories
|c Countries
|e MATRADE Sabah
|
| 999 |
|
|
|a SRW000085H
|b Directories
|c Countries
|e MATRADE Sarawak
|
| 999 |
|
|
|a SRW000086H
|b Directories
|c Countries
|e MATRADE Sarawak
|